000 00656nam a2200253Ia 4500
003 OSt
005 20221007074635.0
006 a|||||r|||| 00| 0
007 ta
008 221006b |||||||| |||| 00| 0 eng d
024 _a15,926
037 _cTextual
040 _aFLL
_cFLL
_beng
041 _2eng
_aeng
082 _aX722;Z2q, M9.1
100 _aChaturvedi K.
245 0 _aThree taxes
260 _aNagpur
_bWadhwa and Co. India
_c1989
300 _ac,1284p
_ccm.
490 _vVol. 1
700 _a Pithisaria S.M.
942 _hX722;Z2q, M9.1
_cTEXL
_2CC
999 _c1153170
_d1153170